Kenya business directory 2000.
| Format: | Book |
|---|---|
| Published: |
Nairobi:
Strategic Media Services,
2000.
|
| Subjects: |
| LEADER | 00402cam a2200133 7i4500 | ||
|---|---|---|---|
| 001 | 0000010039 | ||
| 005 | 20010827090000.0 | ||
| 090 | 0 | 0 | |a KENA 338.7025 |b KEN |
| 245 | 0 | 0 | |a Kenya business directory 2000. |
| 260 | 0 | 0 | |a Nairobi: |b Strategic Media Services, |c 2000. |
| 300 | # | # | |a 287 p. |
| 650 | 0 | 0 | |a Business -- |x Directories -- |z Kenya |
| 651 | 0 | 0 | |a Kenya |
| 999 | |a 0000012505 |b Directories |c Countries |e Business Information Centre | ||